[Event "St Louis Inv IM 2017"]
[Site "Saint Louis USA"]
[Date "2017.11.22"]
[Round "9.4"]
[White "Yip, Carissa"]
[Black "Grabinsky, Aaron"]
[Result "1/2-1/2"]
[WhiteTitle "FM"]
[WhiteElo "2311"]
[BlackElo "2362"]
[WhiteFideId "2090732"]
[BlackFideId "2087090"]
[EventDate "2017.11.17"]
[EventType "tourn"]

1. e4 e6 2. d4 d5 3. Nd2 a6 4. Ngf3 Nf6 5. Bd3 c5 6. exd5 Qxd5 7. O-O cxd4 8.
Nb3 Be7 9. Re1 O-O 10. Nbxd4 b5 11. b3 Bb7 12. Bb2 Nc6 13. c4 bxc4 14. Bxc4 Qh5
15. Nxc6 Bxc6 16. Ne5 Qxd1 17. Raxd1 Bd5 18. Nd7 Nxd7 19. Bxd5 Ra7 20. Bc4 a5
21. Bb5 Nf6 22. Rc1 Bb4 23. Red1 Nd5 24. a3 Be7 25. Bc6 Nf6 26. Bd4 Ra6 27. Bb7
Rd6 28. Bf3 Rb8 29. Bb2 Rdb6 30. b4 axb4 31. Bd4 Rb5 32. Be2 Rd5 33. axb4 Bxb4
34. Bxf6 Rxd1+ 35. Rxd1 gxf6 36. Rb1 f5 37. g4 fxg4 38. Bxg4 Kg7 39. Kg2 Kf6 40.
f4 Kg6 41. Kf3 f5 42. Bh3 Kf6 43. Rb2 h5 44. Rb1 h4 45. Rb2 Rb6 46. Rb1 Ke7 47.
Rb2 Kd7 48. Rb3 Rb8 49. Rb2 Kd6 50. Rb3 Rb6 51. Re3 Kd7 52. Rb3 Ke7 53. Rb2 Kf6
54. Bf1 e5 55. fxe5+ Kxe5 56. Bd3 f4 57. Bb1 Kd4 58. Rb3 Kc5 59. Bd3 Rf6 60. Be2
Bd2 61. Rd3 Be3 62. Kg4 Rg6+ 63. Kxh4 Rg2 64. Bf3 Rxh2+ 65. Kg4 Rh8 66. Kf5 Kc4
67. Rd1 Kc3 68. Rd5 Bd2 69. Ke4 Re8+ 70. Re5 Rc8 71. Rd5 Rc7 72. Be2 Kc2 73. Rd3
Re7+ 74. Kf3 Rg7 75. Ke4 Rg2 76. Bf3 Rg1 77. Rd5 Re1+ 78. Kf5 Re8 79. Rd4 Be3
80. Rd6 Kc3 81. Rd7 Rb8 82. Rd6 Rb5+ 83. Rd5 Rb4 84. Rd7 Ra4 85. Rd6 Bd4 86.
Rc6+ Kd3 87. Kxf4 1/2-1/2

[Event "St Louis Inv IM 2017"]
[Site "Saint Louis USA"]
[Date "2017.11.22"]
[Round "9.5"]
[White "Foisor, Sabina-Francesca"]
[Black "Neimer, Vitaly"]
[Result "0-1"]
[WhiteTitle "WGM"]
[BlackTitle "IM"]
[WhiteElo "2369"]
[BlackElo "2346"]
[WhiteFideId "1212915"]
[BlackFideId "2807017"]
[EventDate "2017.11.17"]
[EventType "tourn"]

1. d4 Nf6 2. Nf3 b6 3. c4 e6 4. g3 Ba6 5. b3 Bb4+ 6. Bd2 Be7 7. Nc3 O-O 8. Bg2
c6 9. O-O d5 10. cxd5 cxd5 11. Ne5 Nfd7 12. Nxd5 exd5 13. Nxf7 Rxf7 14. Bxd5 Ne5
15. Bxa8 Qxd4 16. Bf4 Rxf4 17. gxf4 Qxf4 18. Qd5+ Kf8 19. Rac1 Nbd7 20. e3 Qg5+
21. Kh1 Bxf1 22. Rxf1 Qh4 23. Rc1 Bc5 24. Qg2 Nf6 25. Bf3 a5 26. h3 h5 27. Be2
g6 28. Rc2 Kg7 29. Kg1 Ne4 30. Kf1 Kh6 31. Bb5 Bb4 32. Rc8 Nd6 33. Rh8+ Kg7 34.
Rb8 Nxb5 35. Rb7+ Kh6 36. Rxb6 Nd6 37. Ke2 Qd8 38. f4 Qxb6 39. Qg5+ Kh7 40. fxe5
Qb5+ 0-1